| 000 | 00817nam a22001937a 4500 | ||
|---|---|---|---|
| 008 | 100815s1989 xxu||||| |||| 00| 0 ara d | ||
| 082 |
_222 _a338.092 _bخ ش ر |
||
| 100 | 1 |
_917488 _aالخشرمي ، عبد الله |
|
| 245 |
_aعصاميون : _bقصص وتجارب رجال أعمال / _cعبد الله الخشرمي |
||
| 250 | _aط 2. | ||
| 260 |
_a[د.م] : _bالمؤلف، 1989 _c1989. |
||
| 300 |
_a240 ص ؛ _bصور : _c24 سم. |
||
| 541 |
_aألف باء ؛ _cشراء ؛ |
||
| 650 |
_926963 _aرجال الأعمال السعوديين |
||
| 650 |
_917490 _aالاقتصاديون |
||
| 653 | _bAra | ||
| 942 |
_2ddc _cBB |
||
| 999 |
_c14661 _d14661 |
||